000 00556nam a2200181Ia 4500
008 090123s9999 xx 000 0 und d
082 _b23551
_a891.463/भोसले
100 _aभोसले म. भा.
245 _aउघड्या जगात
250 _a1
260 _bसत्यजय प्रकाशन
_c1994
300 _a200
600 _aभोसले म. भा.
630 _aउघड्या जगात
700 _aभोसले म. भा.
730 _aउघड्या जगात
942 _cBOOK
999 _c61622
_d61622